[Event "AUTO-OPEN-4630"]
[Site "http://www.queenalice.com/game.php?id=1866975"]
[Date "2025.12.13"]
[Round "1"]
[White "mennecy91"]
[Black "peonaislado"]
[Result "1-0"]
[WhiteElo "2101"]
[BlackElo "1759"]

1. c4 c5 2. Nc3 Nc6 3. g3 e6 4. e4 Nf6 5. Bg2 Nd4 6. d3 d5 7. cxd5 exd5 8. exd5
Qe7+ 9. Nge2 Bg4 10. Be3 Nf3+ 11. Bxf3 Bxf3 12. Rg1 Nxd5 13. Nxd5 Bxd5 14. Nc3
Bc6 15. Qb3 a6 16. O-O-O b5 17. Rge1 O-O-O 18. Bf4 Qd7 19. Re3 b4 20. a3 Bd6 21.
Bxd6 Qxd6 22. axb4 cxb4 23. Ne4 Qh6 24. Qxb4 f5 25. Nc5 Rhe8 26. Qf4 Qxf4 27.
gxf4 Bb5 28. Rde1 Rxe3 29. Rxe3 Rd5 30. Re5 Rxe5 31. fxe5 Kc7 32. d4 Kc6 33. Kd2
f4 34. Kc3 g5 35. b4 h5 36. Ne4 g4 37. Nf6 f3 38. Nxh5 Kd5 39. Nf6+ 1-0

[Event "AUTO-OPEN-4630"]
[Site "http://www.queenalice.com/game.php?id=1866998"]
[Date "2025.12.13"]
[Round "1"]
[White "mennecy91"]
[Black "Eder_Dionatan_Silva_Machado"]
[Result "1-0"]
[WhiteElo "2091"]
[BlackElo "1403"]

1. d4 d5 2. Nf3 Bg4 3. Ne5 Qd6 4. Nxg4 Nc6 5. c3 O-O-O 6. g3 f5 7. Bf4 Qe6 8.
Ne5 Nxe5 9. Bxe5 Nh6 10. Bg2 Ng4 11. Bf4 Qa6 12. O-O g6 13. Nd2 h5 14. h3 Nf6
15. b4 1-0

[Event "AUTO-OPEN-4630"]
[Site "http://www.queenalice.com/game.php?id=1866999"]
[Date "2025.12.13"]
[Round "1"]
[White "Eder_Dionatan_Silva_Machado"]
[Black "mennecy91"]
[Result "0-1"]
[WhiteElo "1401"]
[BlackElo "2093"]

1. e4 c5 2. Nf3 Nc6 3. Bb5 g6 4. O-O Bg7 5. d4 cxd4 6. Nxd4 Nxd4 7. Be3 Nxb5 8.
Nc3 Nxc3 9. bxc3 Bxc3 10. Rc1 d6 11. Qd3 Qa5 12. Bg5 Bf6 13. Bxf6 Nxf6 14. Rb1
b6 15. Rfd1 O-O 0-1

[Event "AUTO-MASTER-3292"]
[Site "http://www.queenalice.com/game.php?id=1867566"]
[Date "2026.1.7"]
[Round "1"]
[White "IranSilva"]
[Black "mennecy91"]
[Result "0-1"]
[WhiteElo "2137"]
[BlackElo "2120"]

1. Nf3 c5 2. c4 Nc6 3. Nc3 g6 4. g3 Bg7 5. d3 e5 6. Bg5 Nf6 7. Nd5 d6 8. Bg2 Be6
9. Nxf6+ Bxf6 10. Bxf6 Qxf6 11. Nd2 O-O 12. Ne4 Qe7 13. O-O f5 14. Nc3 Rad8 15.
Nd5 Qf7 16. a3 Nd4 17. e3 Nc6 18. Rb1 Kg7 19. b4 cxb4 20. axb4 a6 21. b5 axb5
22. Rxb5 Rd7 23. Qa4 Rfd8 24. Rfb1 Rb8 25. Nc3 Nd8 26. Nd5 h5 27. f4 Kf8 28. Nb6
Rc7 29. Bd5 Nc6 30. Bxe6 Qxe6 31. Nd5 Rd7 32. R1b3 exf4 33. gxf4 Kg7 34. Qa1+
Kf7 35. Qb2 Nd8 36. Qh8 Nc6 37. Qh7+ Kf8 38. Qh6+ Kg8 39. Qg5 Rf7 40. Rb6 Nd8
41. Kf2 Kg7 42. Rb1 Ra8 43. Rg1 Ra2+ 0-1

[Event "AUTO-MASTER-3292"]
[Site "http://www.queenalice.com/game.php?id=1867567"]
[Date "2026.1.7"]
[Round "1"]
[White "mennecy91"]
[Black "IranSilva"]
[Result "1-0"]
[WhiteElo "2133"]
[BlackElo "2124"]

1. c4 b6 2. Nc3 Bb7 3. e4 e6 4. g3 Nf6 5. Bg2 Bb4 6. Nge2 O-O 7. d3 d6 8. O-O e5
9. h3 Nc6 10. f4 Bc5+ 11. Kh2 Nd7 12. f5 f6 13. g4 Nd4 14. h4 g6 15. fxg6 hxg6
16. Nd5 Bxd5 17. exd5 Kg7 18. Nxd4 Bxd4 19. Rf3 Rh8 20. Rh3 Bf2 21. h5 gxh5 22.
Rxh5 Rxh5+ 23. gxh5 f5 24. h6+ Kh7 25. Qh5 Qh4+ 26. Qxh4 Bxh4 27. Bh3 Rf8 28. b4
Rf7 29. Bd2 f4 30. Rf1 Bg3+ 31. Kg2 Kxh6 32. Be6 Rg7 33. Rh1+ Kg6 34. Kf3 Nf8
35. Bg4 Rh7 36. Rxh7 Nxh7 37. a4 Ng5+ 38. Kg2 Nf7 39. a5 Nh6 40. Bh3 Nf5 41.
Bxf5+ Kxf5 42. Kf3 1-0

[Event "AUTO-MASTER-3292"]
[Site "http://www.queenalice.com/game.php?id=1867580"]
[Date "2026.1.7"]
[Round "1"]
[White "Tonto"]
[Black "mennecy91"]
[Result "0-1"]
[WhiteElo "1995"]
[BlackElo "2072"]

1. e4 c5 2. Nf3 Nc6 3. c4 g6 4. Be2 Bg7 5. Nc3 d6 6. O-O Nf6 7. d3 O-O 8. Bg5
Bg4 9. d4 cxd4 10. Bxf6 Bxf6 11. Nd5 Bg7 12. b4 Bxf3 13. Bxf3 Ne5 14. a4 Nxc4
15. Qc1 Rc8 16. Bg4 e6 17. Nf4 Ne3 18. Qd2 Nxg4 19. Ne2 d3 20. Nf4 Bxa1 21. Rxa1
Qf6 22. Nxd3 Qxa1+ 0-1

[Event "AUTO-MASTER-3292"]
[Site "http://www.queenalice.com/game.php?id=1867581"]
[Date "2026.1.7"]
[Round "1"]
[White "mennecy91"]
[Black "Tonto"]
[Result "1-0"]
[WhiteElo "2086"]
[BlackElo "2053"]

1. c4 Nf6 2. Nc3 e5 3. g3 c6 4. e4 Bb4 5. Nge2 d5 6. cxd5 Bxc3 7. Nxc3 O-O 8.
Bg2 Re8 9. O-O Bg4 10. f3 Bh5 11. d3 Qd6 12. Be3 Nbd7 13. dxc6 Qxc6 14. Rc1 Qa6
15. a3 b6 16. g4 Bg6 17. h4 h6 18. f4 exf4 19. Bxf4 Nc5 20. g5 Bh5 21. Bf3 Nxd3
22. Qe2 Rad8 23. gxf6 Bxf3 24. Qxf3 Nxc1 25. Bxc1 g6 26. Bxh6 Qc4 27. Qg4 Re5
28. Rf5 Qd4+ 29. Kh1 Kh7 30. Rxe5 Qf2 31. Qf4 Qxb2 32. Qc1 Qf2 33. Rd5 Qxh4+ 34.
Kg2 Rxd5 35. exd5 Qxf6 36. Qe3 Qd6 37. Bf4 Qxa3 38. Qh3+ Kg8 39. Be5 Qb2+ 40.
Kg3 Qb3 41. Qh8# 1-0

[Event "AUTO-MASTER-3292"]
[Site "http://www.queenalice.com/game.php?id=1867588"]
[Date "2026.1.7"]
[Round "1"]
[White "cerenzo72"]
[Black "mennecy91"]
[Result "1/2-1/2"]
[WhiteElo "2194"]
[BlackElo "2067"]

1. c4 c5 2. Nf3 Nc6 3. e3 g6 4. d4 cxd4 5. Nxd4 Bg7 6. Nc3 Nf6 7. Be2 O-O 8. O-O
d6 9. a3 Bd7 10. Bf3 a6 11. b4 Qc7 12. Rb1 Nxd4 13. Qxd4 Rac8 14. Bb2 Bc6 15. e4
Nxe4 16. Qxg7+ Kxg7 17. Nd5+ Nf6 18. Nxc7 Rxc7 19. Bxc6 Rxc6 1/2-1/2